Du droit ecclésiastique dans ses principes généraux / (Record no. 162026)

MARC details
000 -LEADER
campo de control de longitud fija 00692nam a22001935i 4500
001 - NÚMERO DE CONTROL
campo de control 162026
003 - IDENTIFICADOR DE NÚMERO DE CONTROL
campo de control ES-MaACL
005 - FECHA Y HORA DE LA ÚLTIMA TRANSACCIÓN
campo de control 20230906212416.0
008 - DATOS DE LONGITUD FIJA--INFORMACIÓN GENERAL
campo de control de longitud fija 990222s1855 fr |||| | fre d
040 ## - FUENTE DE CATALOGACIÓN
Centro catalogador/agencia de origen CAM
Lengua de catalogación spa
Centro/agencia transcriptor CAM
100 1# - ENTRADA PRINCIPAL--NOMBRE DE PERSONA
Nombre de persona Phillips, Georges.
9 (RLIN) 131114
245 10 - MENCIÓN DEL TÍTULO
Título Du droit ecclésiastique dans ses principes généraux /
Mención de responsabilidad, etc. par Georges Phillips; traduit par J.-P. Crouzet.
250 ## - MENCION DE EDICION
Mención de edición 2e éd.
260 ## - PUBLICACIÓN, DISTRIBUCIÓN, ETC.
Lugar de publicación, distribución, etc. Paris :
Nombre del editor, distribuidor, etc. Jacques Lecoffre et c\pie\s,
Fecha de publicación, distribución, etc. 1855 (
Fabricante Imp. Simon Raçon et comp.)
300 ## - DESCRIPCIÓN FÍSICA
Extensión 3 v. ;
Dimensiones 18 cm.
597 #1 - NOTA DE DESCRIPCIÓN FÍSICA
NOTA DE DESCRIPCIÓN FÍSICA T.I (507 p.) - T.II (539 p.) - T.III (524 p.)
700 11 - ENTRADA AGREGADA--NOMBRE PERSONAL
Nombre de persona Crouzet, J.-P.,
Término indicativo de función/relación
9 (RLIN) 126646
852 ## - LOCALIZACIÓN
Ubicación ES-MaACL
Número de control de estantería F-12790-12792
Nota libre -- Enc. hol.
Holdings
Estatus retirado Estado de pérdida Estado de daño No para préstamo Colección Biblioteca de origen Biblioteca actual Ubicación en estantería Fecha de adquisición Fuente de adquisición Total de préstamos Signatura topográfica completa Código de barras Visto por última vez Precio de reemplazo Tipo de ítem Koha
        Libros del s. XIX Biblioteca del Ateneo de Madrid Biblioteca del Ateneo de Madrid Sala Pecera Planta 2 17/01/2008     F-12790-12792 1169727 23/02/2023 23/02/2023 Libro impreso antiguo